Municipalities of Lazio (with a map) - Statistics

General Stats
  • This quiz has been taken 499 times
  • The average score is 58 of 378
Answers on the Map
Answers color-coded by a green-red scale on the quiz's map according to % correct below.
 
Answer Stats
Comune % Correct
Rome
98%
Latina
91%
Frosinone
89%
Viterbo
89%
Rieti
87%
Fiumicino
78%
Civitavecchia
76%
Anzio
75%
Tivoli
72%
Nettuno
70%
Amatrice
67%
Gaeta
66%
Ciampino
64%
Ponza
64%
Guidonia Montecelio
62%
Velletri
62%
Formia
61%
Albano Laziale
60%
Sora
59%
Ladispoli
58%
Terracina
57%
Cisterna di Latina
56%
Ariccia
55%
Bracciano
55%
Marino
55%
Fiano Romano
54%
Pomezia
54%
Cerveteri
53%
Sabaudia
53%
Anagni
52%
Ardea
52%
Castel Gandolfo
52%
Monterotondo
52%
Ventotene
51%
Palestrina
50%
Santa Marinella
50%
Accumoli
49%
Bolsena
49%
Rocca di Papa
49%
Subiaco
48%
Alatri
47%
Aprilia
47%
Tarquinia
46%
Civita Castellana
45%
Genzano di Roma
45%
Minturno
45%
Orte
45%
Acquapendente
44%
Ceccano
43%
Formello
43%
Nemi
43%
Nepi
43%
Rocca Priora
43%
Vetralla
43%
Zagarolo
43%
Frascati
42%
Anguillara Sabazia
41%
Grottaferrata
41%
Ronciglione
41%
San Felice Circeo
41%
Valmontone
41%
Fara in Sabina
40%
Sezze
40%
Sperlonga
40%
Isola del Liri
39%
Montalto di Castro
39%
Tolfa
39%
Trevignano Romano
39%
Cittareale
38%
Tuscania
38%
Borgorose
37%
Castel Madama
37%
Colleferro
37%
Ferentino
37%
Itri
37%
Pontecorvo
37%
Soriano nel Cimino
37%
Arce
36%
Fiuggi
35%
Artena
34%
Monte Compatri
34%
Montefiascone
34%
Poggio Bustone
34%
Rignano Flaminio
34%
Antrodoco
33%
Monte Porzio Catone
33%
Pisoniano
33%
San Cesareo
33%
Bagnoregio
30%
Gallicano nel Lazio
30%
Lanuvio
30%
Priverno
30%
Ceprano
29%
Grotte di Castro
29%
Sutri
29%
Mentana
28%
Bomarzo
27%
Cittaducale
27%
Cassino
26%
Leonessa
26%
Montelibretti
26%
Vitorchiano
26%
Filettino
25%
Roccasecca
24%
Sonnino
24%
Arsoli
23%
Magliano Sabina
23%
Bassano Romano
22%
Boville Ernica
22%
Cori
21%
Magliano Romano
21%
Arpino
20%
Fondi
20%
San Donato Val di Comino
20%
Capena
17%
Capranica
15%
Pontinia
15%
Riano
15%
Monterosi
14%
Caprarola
13%
Lariano
13%
Vicovaro
11%
Castel Sant'Angelo
10%
Mandela
10%
Colonna
8%
Veroli
8%
Palombara Sabina
7%
Sant'Oreste
7%
Sermoneta
7%
Allumiere
6%
Aquino
6%
Atina
6%
Campagnano di Roma
6%
Cave
6%
Fabrica di Roma
6%
Manziana
6%
Marcellina
6%
Olevano Romano
6%
Oriolo Romano
6%
Ausonia
5%
Bassano in Teverina
5%
Castelnuovo di Porto
5%
Genazzano
5%
Gradoli
5%
Labico
5%
Marta
5%
Morlupo
5%
Norma
5%
Poggio Mirteto
5%
Sacrofano
5%
Vejano
5%
Affile
4%
Agosta
4%
Amaseno
4%
Anticoli Corrado
4%
Arcinazzo Romano
4%
Barbarano Romano
4%
Bellegra
4%
Blera
4%
Calcata
4%
Campodimele
4%
Canale Monterano
4%
Canepina
4%
Canino
4%
Cantalupo in Sabina
4%
Capodimonte
4%
Carpineto Romano
4%
Castelforte
4%
Fonte Nuova
4%
Gallese
4%
Greccio
4%
Latera
4%
Monte Romano
4%
Nerola
4%
Onano
4%
Poli
4%
Ponzano Romano
4%
Posta
4%
Roviano
4%
San Lorenzo Nuovo
4%
San Vittore del Lazio
4%
Segni
4%
Strangolagalli
4%
Tessennano
4%
Valentano
4%
Vallepietra
4%
Arlena di Castro
3%
Bassiano
3%
Borbona
3%
Camerata Nuova
3%
Cantalice
3%
Castel di Tora
3%
Castiglione in Teverina
3%
Castrocielo
3%
Castro dei Volsci
3%
Cellere
3%
Ciciliano
3%
Esperia
3%
Farnese
3%
Fontana Liri
3%
Fumone
3%
Ischia di Castro
3%
Jenne
3%
Lenola
3%
Licenza
3%
Lubriano
3%
Monteflavio
3%
Monte San Biagio
3%
Montorio Romano
3%
Nazzano
3%
Paliano
3%
Percile
3%
Pico
3%
Proceno
3%
Rocca Massima
3%
Santi Cosma e Damiano
3%
Scandriglia
3%
Supino
3%
Torrita Tiberina
3%
Vico nel Lazio
3%
Vignanello
3%
Acquafondata
2%
Acuto
2%
Alvito
2%
Arnara
2%
Ascrea
2%
Belmonte in Sabina
2%
Borgo Velino
2%
Broccostella
2%
Campoli Appennino
2%
Canterano
2%
Capranica Prenestina
2%
Carbognano
2%
Casape
2%
Casperia
2%
Castel San Pietro Romano
2%
Celleno
2%
Cerreto Laziale
2%
Cervara di Roma
2%
Cervaro
2%
Cineto Romano
2%
Collalto Sabino
2%
Colle di Tora
2%
Collegiove
2%
Collepardo
2%
Concerviano
2%
Contigliano
2%
Corchiano
2%
Coreno Ausonio
2%
Cottanello
2%
Faleria
2%
Fiamignano
2%
Filacciano
2%
Fontechiari
2%
Forano
2%
Gavignano
2%
Gerano
2%
Gorga
2%
Graffignano
2%
Guarcino
2%
Labro
2%
Maenza
2%
Marano Equo
2%
Mazzano Romano
2%
Micigliano
2%
Montelanico
2%
Monteleone Sabino
2%
Montenero Sabino
2%
Monte San Giovanni Campano
2%
Montopoli di Sabina
2%
Moricone
2%
Morolo
2%
Nespolo
2%
Orvinio
2%
Pastena
2%
Patrica
2%
Pescorocchiano
2%
Pescosolido
2%
Piansano
2%
Picinisco
2%
Piedimonte San Germano
2%
Piglio
2%
Pofi
2%
Poggio Catino
2%
Poggio Moiano
2%
Posta Fibreno
2%
Prossedi
2%
Riofreddo
2%
Ripi
2%
Rocca Canterano
2%
Rocca d'Arce
2%
Rocca di Cave
2%
Rocca Santo Stefano
2%
Rocca Sinibalda
2%
Roiate
2%
Sambuci
2%
San Giorgio a Liri
2%
San Giovanni Incarico
2%
San Gregorio da Sassola
2%
San Polo dei Cavalieri
2%
Sant'Andrea del Garigliano
2%
Sant'Angelo Romano
2%
Sant'Apollinare
2%
Sant'Elia Fiumerapido
2%
Santopadre
2%
San Vito Romano
2%
Saracinesco
2%
Selci
2%
Serrone
2%
Settefrati
2%
Sgurgola
2%
Stimigliano
2%
Tarano
2%
Torrice
2%
Trevi nel Lazio
2%
Turania
2%
Vacone
2%
Vallecorsa
2%
Vallerano
2%
Vallerotonda
2%
Vallinfreda
2%
Varco Sabino
2%
Vasanello
2%
Vicalvi
2%
Villa San Giovanni in Tuscia
2%
Villa Santa Lucia
2%
Viticuso
2%
Vivaro Romano
2%
Belmonte Castello
1%
Casalattico
1%
Casalvieri
1%
Casaprota
1%
Castelliri
1%
Castelnuovo di Farfa
1%
Castelnuovo Parano
1%
Castel Sant'Elia
1%
Civitella d'Agliano
1%
Civitella San Paolo
1%
Colfelice
1%
Colle San Magno
1%
Collevecchio
1%
Colli sul Velino
1%
Configni
1%
Falvaterra
1%
Frasso Sabino
1%
Gallinaro
1%
Giuliano di Roma
1%
Longone Sabino
1%
Marcetelli
1%
Mompeo
1%
Montasola
1%
Montebuono
1%
Monte San Giovanni in Sabina
1%
Morro Reatino
1%
Paganico Sabino
1%
Petrella Salto
1%
Pignataro Interamna
1%
Poggio Nativo
1%
Poggio San Lorenzo
1%
Pozzaglia Sabina
1%
Rivodutri
1%
Roccagiovine
1%
Roccagorga
1%
Roccantica
1%
Roccasecca dei Volsci
1%
Salisano
1%
San Biagio Saracinisco
1%
Sant'Ambrogio sul Garigliano
1%
Spigno Saturnia
1%
Terelle
1%
Toffia
1%
Torre Cajetani
1%
Torricella in Sabina
1%
Torri in Sabina
1%
Trivigliano
1%
Vallemaio
1%
Villa Latina
1%
Villa Santo Stefano
1%
No matching quizzes found
Score Distribution
Percent of People with Each Score
Percentile by Number Answered
Your Score History
You have not taken this quiz